Herbal Drug Technology (Record no. 13436)

MARC details
000 -LEADER
fixed length control field 00429nam a22001817a 4500
003 - CONTROL NUMBER IDENTIFIER
control field OSt
008 - FIXED-LENGTH DATA ELEMENTS--GENERAL INFORMATION
fixed length control field 250425b |||||||| |||| 00| 0 eng d
020 ## - INTERNATIONAL STANDARD BOOK NUMBER
International Standard Book Number 9789393480262
082 ## - DEWEY DECIMAL CLASSIFICATION NUMBER
Classification number 615.321 AQH
100 ## - MAIN ENTRY--PERSONAL NAME
Personal name Aqil, Mohd.
245 ## - TITLE STATEMENT
Title Herbal Drug Technology
260 ## - PUBLICATION, DISTRIBUTION, ETC. (IMPRINT)
Place of publication, distribution, etc Delhi
Name of publisher, distributor, etc Birla
Date of publication, distribution, etc 2026
300 ## - PHYSICAL DESCRIPTION
Extent xvi263
650 ## - SUBJECT ADDED ENTRY--TOPICAL TERM
Topical term or geographic name as entry element Herbal Drug Technology
700 ## - ADDED ENTRY--PERSONAL NAME
Personal name Mujeeb, Mohd.
700 ## - ADDED ENTRY--PERSONAL NAME
Personal name Qadir, Abdul
942 ## - ADDED ENTRY ELEMENTS (KOHA)
Source of classification or shelving scheme Dewey Decimal Classification
Koha item type Text Books
Holdings
Withdrawn status Lost status Source of classification or shelving scheme Damaged status Not for loan Collection code Home library Current library Date acquired Source of acquisition Currency Cost, normal purchase price Bill Number Total Checkouts Full call number Acc. no. / Barcode Date last seen Actual Cost, discounted price Bill Date Koha item type Date last borrowed
    Dewey Decimal Classification     B.Pharma PIET C-LIBRARY PIET C-LIBRARY 15/04/2025 Zafaa Books Distributres Rs 290.00 ZBD0026   615.321 AQH BP2767 25/04/2025 203.00 11/04/2025 Reference Books  
    Dewey Decimal Classification     B.Pharma PIET C-LIBRARY PIET C-LIBRARY 15/04/2025 Zafaa Books Distributres Rs 290.00 ZBD0026 1 615.321 AQH BP2768 27/01/2026 203.00 11/04/2025 Text Books 19/01/2026
    Dewey Decimal Classification     B.Pharma PIET C-LIBRARY PIET C-LIBRARY 15/04/2025 Zafaa Books Distributres Rs 290.00 ZBD0026   615.321 AQH BP2769 25/04/2025 203.00 11/04/2025 Text Books  
    Dewey Decimal Classification     B.Pharma PIET C-LIBRARY PIET C-LIBRARY 15/04/2025 Zafaa Books Distributres Rs 290.00 ZBD0026   615.321 AQH BP2770 25/04/2025 203.00 11/04/2025 Text Books  
    Dewey Decimal Classification     B.Pharma PIET C-LIBRARY PIET C-LIBRARY 15/04/2025 Zafaa Books Distributres Rs 290.00 ZBD0026   615.321 AQH BP2771 25/04/2025 203.00 11/04/2025 Text Books  

Design & Developed by: PIET Central Library
R70 Miles Stone Pattikalyana Samalkha Panipat 132102
mail ID :- [email protected], Phone No:- 0180-2569700 Ex.216